[Event "Cappelle op 38th"]
[Site "Cappelle la Grande"]
[Date "2022.02.18"]
[Round "9"]
[White "Bellahcene, Bilel"]
[Black "Ivanov, Michail Petrovich"]
[Result "1/2-1/2"]
[WhiteElo "2509"]
[BlackElo "2302"]
[PlyCount "149"]
[EventDate "2022.02.12"]
[EventType "swiss"]
[EventRounds "9"]
[EventCountry "FRA"]
[SourceTitle "CBM 206 Extra"]
[Source "ChessBase"]
[SourceDate "2022.03.31"]
[SourceVersion "1"]
[SourceVersionDate "2022.03.31"]
[SourceQuality "1"]

1. e4 e6 2. d4 d5 3. Nc3 Bb4 4. e5 c5 5. a3 Bxc3+ 6. bxc3 Nc6 7. Qg4 g6 8. a4 Qa5 9. Bd2 Bd7 10. Bb5 c4 11. Qd1 0-0-0 12. Ne2 Nce7 13. Qb1 Nf5 14. 0-0 a6 15. Bxd7+ Rxd7 16. Re1 Nge7 17. Bc1 Nc6 18. Bg5 h6 19. Bf6 Rh7 20. Qc1 Nfe7 21. Qa3 Kb8 22. Reb1 Ka7 23. f3 Ng8 24. Bh4 g5 25. Bf2 f5 26. exf6 Nxf6 27. Bg3 Qd8 28. Qc5+ Ka8 29. Rb6 Qc8 30. Rab1 Rd8 31. Qa3 Rf7 32. Qc1 Nh5 33. Bf2 Nf4 34. Qe3 Rdf8 35. Bg3 h5 36. h3 h4 37. Bh2 Qd8 38. Nxf4 gxf4 39. Qxe6 Rf6 40. Qe1 R6f7 41. Kh1 Rg8 42. Qd2 Rgf8 43. Qc1 Qd6 44. Qb2 Qc7 45. Qa3 Qe7 46. Qb2 Qc7 47. a5 Rg7 48. Qc1 Qd6 49. Qd2 Qf6 50. Re1 Qf7 51. Re2 Qf6 52. Qe1 Qg5 53. Qa1 Re7 54. Rxe7 Qxe7 55. Rb1 Qe2 56. Qb2 Nxa5 57. Qb4 Rg8 58. Rg1 Nc6 59. Qc5 Rd8 60. Ra1 Na7 61. Bxf4 Qxc2 62. Qa5 Rg8 63. Bg5 Nb5 64. Qxb5 Rxg5 65. Rxa6+ bxa6 66. Qxa6+ Kb8 67. Qb6+ Kc8 68. Qc6+ Kb8 69. Qe8+ Kc7 70. Qe7+ Kc6 71. Qxg5 Qxc3 72. Qf6+ Kb5 73. Qe5 Qc1+ 74. Kh2 Kb4 75. Qxd5 1/2-1/2

[Event "Cappelle op 38th"]
[Site "Cappelle la Grande"]
[Date "2022.02.14"]
[Round "4"]
[White "Ivanov, Michail Petrovich"]
[Black "Loiseau, Quentin"]
[Result "1/2-1/2"]
[WhiteElo "2302"]
[BlackElo "2465"]
[PlyCount "104"]
[EventDate "2022.02.12"]
[EventType "swiss"]
[EventRounds "9"]
[EventCountry "FRA"]
[SourceTitle "CBM 206 Extra"]
[Source "ChessBase"]
[SourceDate "2022.03.31"]
[SourceVersion "1"]
[SourceVersionDate "2022.03.31"]
[SourceQuality "1"]

1. e4 e5 2. Nf3 Nc6 3. Nc3 Nf6 4. Bb5 Bc5 5. Nxe5 Nxe5 6. d4 Bd6 7. f4 Nc6 8. e5 Bb4 9. exf6 Qxf6 10. a3 Ba5 11. Be3 Bxc3+ 12. bxc3 d5 13. Qf3 0-0 14. Qxd5 Re8 15. Kf2 Bf5 16. Bd3 Ne7 17. Qf3 Qg6 18. Rad1 Nc8 19. g4 Qxg4 20. Qxg4 Bxg4 21. Rdg1 Bd7 22. d5 Nd6 23. Bd4 g6 24. Re1 Bf5 25. Be5 f6 26. Bxf6 Ne4+ 27. Bxe4 Bxe4 28. Rhg1 Bxd5 29. Be5 Re7 30. h4 Kf7 31. h5 Bc6 32. hxg6+ hxg6 33. Rg3 Rd8 34. Rd3 Rd5 35. Rxd5 Bxd5 36. Bd4 Be6 37. Re5 b6 38. Ke1 Rd7 39. Re2 Bf5 40. Be5 Re7 41. Kd2 Kf8 42. Rh2 Ke8 43. Rh8+ Kd7 44. Rg8 Kc6 45. Rg7 Rxg7 46. Bxg7 Kb5 47. Kc1 Kc4 48. Be5 c5 49. Kb2 a5 50. Bc7 Kb5 51. Bd8 a4 52. c4+ Kxc4 1/2-1/2

[Event "Leipzig VfB op 23rd"]
[Site "Leipzig"]
[Date "2016.03.17"]
[Round "5"]
[White "Ivanov, Michail Petrovich"]
[Black "Graf, Alexander"]
[Result "1/2-1/2"]
[WhiteElo "2397"]
[BlackElo "2586"]
[PlyCount "22"]
[EventDate "2016.03.15"]
[EventType "swiss"]
[EventRounds "9"]
[EventCountry "GER"]
[SourceTitle "EXT 2017"]
[Source "ChessBase"]
[SourceDate "2016.10.25"]
[SourceVersion "1"]
[SourceVersionDate "2016.10.25"]
[SourceQuality "1"]

1. d4 d5 2. c4 c6 3. cxd5 cxd5 4. Nc3 Nf6 5. Bf4 Nc6 6. e3 Bf5 7. Nf3 e6 8. Bd3 Bxd3 9. Qxd3 Bd6 10. Bxd6 Qxd6 11. 0-0 0-0 1/2-1/2

[Event "Leipzig VfB op 23rd"]
[Site "Leipzig"]
[Date "2016.03.16"]
[Round "2"]
[White "Hentzgen, Thomas"]
[Black "Ivanov, Michail Petrovich"]
[Result "0-1"]
[WhiteElo "2044"]
[BlackElo "2397"]
[PlyCount "62"]
[EventDate "2016.03.15"]
[EventType "swiss"]
[EventRounds "9"]
[EventCountry "GER"]
[SourceTitle "EXT 2017"]
[Source "ChessBase"]
[SourceDate "2016.10.25"]
[SourceVersion "1"]
[SourceVersionDate "2016.10.25"]
[SourceQuality "1"]

1. c4 c5 2. Nc3 g6 3. g3 Bg7 4. Bg2 Nc6 5. a3 d6 6. Rb1 h5 7. Nf3 Nd4 8. Nxd4 cxd4 9. Nd5 h4 10. e3 e6 11. Nf4 Ne7 12. b3 e5 13. Nd5 f5 14. exd4 h3 15. Bf1 Nxd5 16. cxd5 Qa5 17. dxe5 Qxd5 18. f3 dxe5 19. Bc4 Qd6 20. Bb2 Bd7 21. Qe2 0-0-0 22. 0-0 Bc6 23. Rfd1 b5 24. Bxb5 Qc5+ 25. d4 Qxb5 26. Qxb5 Bxb5 27. dxe5 Rxd1+ 28. Rxd1 Rd8 29. Rc1+ Kb7 30. Rc2 Rd1+ 31. Kf2 Bd3 0-1

[Event "Siebenlehn op 12th"]
[Site "Siebenlehn"]
[Date "2011.12.30"]
[Round "7"]
[White "Ivanov, Michail Petrovich"]
[Black "Lobzhanidze, Davit"]
[Result "1/2-1/2"]
[WhiteElo "2389"]
[BlackElo "2487"]
[PlyCount "41"]
[EventDate "2011.12.27"]
[EventType "swiss"]
[EventRounds "7"]
[EventCountry "GER"]
[SourceTitle "EXT 2013"]
[Source "ChessBase"]
[SourceDate "2012.11.22"]
[SourceVersion "1"]
[SourceVersionDate "2012.11.22"]
[SourceQuality "1"]

1. c4 c6 2. e4 e5 3. Nf3 d6 4. d4 Nd7 5. Nc3 Ngf6 6. Be2 Be7 7. 0-0 0-0 8. Qc2 Qc7 9. Rd1 Re8 10. Rb1 exd4 11. Nxd4 Ne5 12. h3 a6 13. a3 Bd7 14. Be3 Rac8 15. Rbc1 Qb8 16. Qb1 b5 17. cxb5 axb5 18. b4 h6 19. Nb3 Bd8 20. Rd2 Be6 21. Rcd1 1/2-1/2